000
00239nam a2200109Ia 4500
008
190216s9999||||xx |||||||||||||| ||und||
100
_a
Kainikkara Kumara Pilla
245
0
_a
Nadakeeyam
260
_b
Null
650
_a
Padanam
942
_c
BK
999
_c
25321
_d
25321